| 000 | 00937nam a22003017a 4500 | ||
|---|---|---|---|
| 003 | CHAP | ||
| 005 | 20220329134103.0 | ||
| 008 | 971013s1971 r 00010 d | ||
| 010 | _a15187 | ||
| 011 | _a16159 | ||
| 035 | _a20237 | ||
| 040 | _cCHAP | ||
| 082 |
_a581.1662 _bH4 |
||
| 100 | 0 | 0 |
_aHeslop-Harrison, J. _eed. _955038 |
| 245 | _aPollen; development and physiology | ||
| 260 |
_aLondon : _bButterworths, _c1971 |
||
| 300 |
_a338 p. _b: ilus. |
||
| 590 |
_aBATCH-UPD _b10 _c20130110 _lUCH01 _h1115 |
||
| 590 |
_aBATCH-UPD _b10 _c20130410 _lUCH01 _h0706 |
||
| 590 |
_aBATCH-UPD _b10 _c20130914 _lUCH01 _h1618 |
||
| 590 |
_aCONVERSION _b10 _c20130109 _lUCH01 _h1310 |
||
| 650 | 1 | 4 |
_aPolen. _990208 |
| 650 | 1 | 4 |
_aPolen _xMorfologĂa. _990211 |
| 901 | _aBK | ||
| 942 | _cLIBRO | ||
| 949 |
_a581.1662 H4 _bBC _cLIBRO _d33724000510533 _eLIBRO _fc.2 _h28343 _i20237 _si |
||
| 949 |
_a581.1662 H4 _bBC _cLIBRO _d33724000510574 _eLIBRO _h27905 _i20237 _si |
||
| 999 |
_c15187 _d15187 |
||